Statistiques concernant Rappeurs français par description #3

Cliquez ici pour prendre le quiz!

Statistiques générales

  • Ce quiz a été pris 83 fois
  • Le résultat moyen est 4 sur 12

Statistiques - réponses

DescriptionRappeur% Correct
Connu pour être l'un des pionniers du rap français. Il est également membre fondateur du groupe emblématique Suprême NTM, aux côtés de Kool Shen. Ce rappeur s'est distingué par son flow agressif et son attitude provocatrice. Il est également reconnu pour sa carrière d'acteur, ayant joué dans plusieurs films à succès en France comme Polisse ou La marque des anges avec Gérard Depardieu.Joeystarr
90%
De son vrai nom Melvin Félix Aka, est un rappeur et chanteur français originaire du 19eme arrondissement de Paris. Il s'est fait connaître en tant que membre du groupe de rap français MZ avant de poursuivre une carrière solo. Reconnu pour son style musical éclectique mêlant des influences de rap, de R&B et de sonorités plus mélodiques, ses textes abordent des thèmes variés tels que les relations amoureuses, les défis de la vie quotidienne, les succès et les échecs personnels.Jok'air
43%
Enfant, il évolue dans un environnement aussi artistique qu'instable. Les revenus de sa mère sont très irréguliers. Son père quitte la maison alors qu'il est encore jeune, il grandit donc entouré de ses trois sœurs et de sa mère. Il s'est fait connaître dans le milieu du rap grâce à son style musical éclectique mêlant des influences de rap, de pop, de rock et de musique électronique. Dernièrement, il a été accusé d'agressions sexuelles par plusieurs femmes de l’industrie musicale mais conserve de nombreux fans fidèles...Lomepal
42%
Avec son cousin Drikce, il forme le duo Erkos Squaad en 2017, puis commence à rapper en solo sous le nom de Zolal. Ce nom de scène, qui n'est autre que le verlan de "la lose", provient de son frère en raison de son faible niveau à Fifa. Son style s'inscrit dans le registre de la Jersey Drill, née dans les années 2000 dans le New Jersey. Il apparaît toujours cagoulé.Kerchak
36%
Né Ivan Bruno-Arbiser, il s'est fait connaître en participant aux Rap Contenders.
Pendant l'adolescence, il se passionne pour le football et devient fan du Paris Saint-Germain. De 13 à 17 ans, il investit tout son temps et son argent dans son association de supporters ultra avant de la quitter pour se mettre plus sérieusement à rapper. Il est également membre du collectif L'Entourage, avec lequel il a contribué à populariser le rap indépendant en France.
Jazzy bazz
33%
En 2014, dans une période de doutes concernant son avenir dans le hip-hop, il décide, dans un dernier élan, de fonder le label Diez Peufra avec des amis de son quartier. Il se laisse un an pour réussir à s'imposer dans le rap français. Il commence alors à poster des titres inédits et divers freestyles sur la chaîne YouTube Daymolition, qui offre de l'exposition aux jeunes rappeurs. Au fil des titres et des freestyles postés, il commence à se bâtir une réputation dans le milieu du hip-hop et reçoit le soutien des rappeurs Sofiane et Kalash Criminel.Hornet la frappe
31%
Originaire du BIanc-Mesnil, il écrit ses premiers textes de rap à l'âge de 10 ans. En première année de bac pro vente au lycée Suger de Saint-Denis, il prend la décision de mettre fin à ses études pour se consacrer à une carrière dans le hip-hop. Il est repéré par Mac Tyer, le rappeur emblématique du groupe Tandem, qui lui accorde une piste en solo sur son album Banger 3.Rémy
25%
De son vrai nom Bruno Beausir, c'est un rappeur, chanteur et producteur français qui s'est fait connaître dans les années 1990 grâce à son style musical unique mêlant rap, R&B et chanson française. Il est reconnu pour ses textes humoristiques, parfois provocateurs, mais aussi pour ses chansons plus sérieuses abordant des thématiques sociales et politiques. Il a marqué la scène rap française avec des titres emblématiques tels que "Est-ce que ça le fait ?" et "Né ici". Bien qu'il ait eu des périodes d'éloignement de la scène musicale, il reste une figure importante du rap français, ayant contribué à populariser le genre et à le faire évoluer vers des sonorités plus variées et accessibles.Doc gynéco
19%
Groupe de rap français composé de Jacky Teixeira et Fabien Loubayi, qui s'est fait connaître dans les années 1990 grâce à leur style musical mêlant rap et reggae. L'un d'eux anime une émission d'interview rap et a créer un festival de musique urbaine.Nèg'Marrons
18%
En décembre 2012, à vingt ans, il organise un festival au Môle 1 de Dunkerque avec des proches. Ils souhaitent le promouvoir avec une mascotte et optent pour un humain à visage d'ours qu'ils nomment Ben l'Oncle Rap, en référence au chanteur Ben l'Oncle Soul. C'est à cette occasion qu'il commence à rapper, puisqu'il ne le faisait pas auparavant. Lui et ses amis font quelques concerts déguisés en ours, il aime ça, et décide de continuer. Il veut d'abord un nom de scène sérieux, mais garde finalement le pseudonyme de Ben l'Oncle Rap, avant de le modifier un peu. Il explique plus tard avoir « le blaze le plus pété du rap game ».BEN plg
13%
Il se distingue par un premier featuring avec Kofs, avant d'entamer une série de freestyles avec notamment Zepek et Soolking dans laquelle il chronique son enfance en banlieue parisienne. Il affiche un style facilement identifiable. Il suffit, pour les initiés, d’entendre quelques secondes d’un hit enregistré par lui pour reconnaître qu'il s'agit d'un de ses textes. Capable de mêler du saxophone aux sonorités plus urbaines, il surprend ses auditeurs par des textes qui racontent son enfance en banlieue. Pour beaucoup, il s’est d’ailleurs imposé comme le digne représentant du "rap de dehors".Heuss l'enfoiré
10%
Ses textes, souvent complexes et recherchés, font appel à une grande variété de références littéraires, philosophiques et culturelles. Il montre au travers de nombreux textes ses affiliations idéologiques à l'anarchisme (il cite Bakounine, Orwell et Kropotkine à plusieurs reprises pour illustrer son attachement).Lucio Bukowski
1%

Distribution des résultats

Percentile par nombre de réponses

% des personnes avec chaque résultat

Votre développement - résultats

Vous n’avez pas pris ce quiz